| 000 | 00983nam a22003137a 4500 | ||
|---|---|---|---|
| 003 | CHAP | ||
| 005 | 20220329143720.0 | ||
| 008 | 110331s1970 us r 00010 eng d | ||
| 010 | _a100798 | ||
| 011 | _a101770 | ||
| 020 | _a0806122935 | ||
| 035 | _a112458 | ||
| 040 | _cCHAP | ||
| 082 | 0 | 2 |
_a615.3210976 _bB86 |
| 100 | 1 |
_aVogel, Virgil J. _9120607 |
|
| 245 | 1 | 0 |
_aAmerican indian medicine _c/por Virgil J. Vogel |
| 260 |
_aOklahoma : _bUniversity of Oklahoma, _c1970 |
||
| 300 |
_a578 p. : _bilus. |
||
| 590 |
_aBATCH-UPD _b10 _c20130110 _lUCH01 _h0850 |
||
| 590 |
_aBATCH-UPD _b10 _c20130410 _lUCH01 _h0522 |
||
| 590 |
_aBATCH-UPD _b10 _c20130914 _lUCH01 _h0743 |
||
| 590 |
_aCONVERSION _b10 _c20130109 _lUCH01 _h1356 |
||
| 650 | 0 | 4 |
_aBotánica médica. _914680 |
| 650 | 0 | 4 |
_aIndios de América del Norte. _957585 |
| 650 | 0 | 4 |
_aIndios de América _xMedicina. _957581 |
| 901 | _aBK | ||
| 942 | _cLIBRO | ||
| 949 |
_a615.3210976 _bBC _cLIBRO _d33724002236389 _eLIBRO _h114545 _i112458 _sb |
||
| 999 |
_c100798 _d100798 |
||